Logistica contemporanea (Registro nro. 29216)

Detalles MARC
000 -LÍDER
fixed length control field 00609nam a22002177a 4500
003 - IDENTIFICADOR DEL NÚMERO DE CONTROL
control field ITZ
005 - FECHA Y HORA DE LA ULTIMA TRANSACCIÓN
Campo de control 20231130134648.0
008 - ELEMENTOS DE LONGITUD FIJA -- INFORMACIÓN GENERAL
fixed length control field 231130b |||||||| |||| 00| 0 spa d
020 ## - NÚMERO INTERNACIONAL NORMALIZADO PARA LIBROS
ISBN 978-607-32-3297-5
035 ## - Número de ficha (Janium)
Número de ficha (Janium) 17588
041 ## - CÓDIGO DE IDIOMA
Código de idioma para texto/pista de sonido o título separado spa
050 ## - SIGNATURA TOPOGRAFICA DE LA BIBLIOTECA DEL CONGRESO (LC)
Número de Clasificación HD38.5
Cutter M87 2015
082 ## - NUMERO DE CLASIFICACION DECIMAL DEWEY
Número de Clasificación 658.5
Cutter M978l 2015
100 1# - ASIENTO PRINCIPAL--NOMBRE PERSONAL
Nombre personal Murphy, Paul R.
245 ## - TÍTULO
Título Logistica contemporanea
Mención de responsabilidad, etc. Paul R. Murphy
250 ## - MENCIÓN DE EDICIÓN
Mención de edición 11°a
260 ## - PUBLICACIÓN, DISTRIBUCIÓN, ETC. (PIE DE IMPRENTA)
Lugar de publicación, distribución, etc. México
Nombre del editor, distribuidor, etc. Pearson educacion
Fecha de publicación, distribución, etc. 2015
300 ## - DESCRIPCIÓN FÍSICA
Extensión xvl 301 p., il. /
Dimensiones 25 cm.
650 ## - ASIENTO SECUNDARIO DE MATERIA - TERMINO TEMÁTICO
Término temático o nombre geográfico como elemento de entrada 1. LOGISTICA ADMINISTRACIÓN / 2. CADENA DE SUMINISTROS - ADMINISTRACIÓN
942 ## - TIPO DE MATERIAL (KOHA)
Koha item type Libros
Existencias
No. biblioteca No. biblioteca Número de clasificación Código de barras/Número de adquisición Número de copia Tipo de material Otras carreras
INGENIERÍA EN ADMINISTRACIÓN ÁREA DE INDUSTRIAL 658.5 M978l 2015 54405 1 Libros LUIS G. INCLAN
INGENIERÍA EN ADMINISTRACIÓN ÁREA DE INDUSTRIAL 658.5 M978l 2015 54406 2 Libros LUIS G. INCLAN
INGENIERÍA EN ADMINISTRACIÓN ÁREA DE INDUSTRIAL 658.5 M978l 2015 54407 3 Libros LUIS G. INCLAN
INGENIERÍA EN ADMINISTRACIÓN ÁREA DE INDUSTRIAL 658.5 M978l 2015 54408 4 Libros LUIS G. INCLAN
INGENIERÍA EN ADMINISTRACIÓN ÁREA DE INDUSTRIAL 658.5 M978l 2015 54409 5 Libros LUIS G. INCLAN
Calzada Tecnológico # 27, Zacatepec, Morelos.
01(734) 343-07-23 / 343-21-10 / 343-21-11
Apdo. Postal 45 C.P 62780